000
00258cam a22000977a 4500
008
180718b1986 xxu||||| |||| 00| 0 eng d
082
_a
Y4x54 In2for/1
245
_a
Indian forest utilization
260
_a
Delhi
_b
Manager of Publications
_c
1986
300
_a
360+p.
999
_c
499193
_d
499193